zpět

Detail výsledku týmu

Tribuna, Přerov

Datum a čas kvízu

31 Celkem bodů Celkový počet nahraných bodů na tomto kvízu bez doplňovacích otázek.
4. Pořadí na kvízu Konečné umístění týmu na tomto kvízu.

Zaznamenané odpovědi

# Otázka Odpověď Body Výsledky
1. Česká advokátní komora uložila... 1
2. Nejmodernější typ policejního... 0
3. Ve zlínském obchodním a zábavn... 0
4. Bývalého hokejového brankáře,... 1
5. Lezec Adam Ondra minulý týden... 0
6. Dědictví aneb Kurvahošigutntag... 1
7. V Brně na ulici Česká se natáč... 1
8. Kterou značku cigaret má Bohuš... 1
9. "Však je to sladké jak ___ ___... 1
10. Pták, kterého Bohuš koupil Ire... 1